MARC

LEADER 00000nam0a2200000 4500
001 152340
005 20231031150949.0
035 |a (RuTPU)RU\TPU\book\165170 
090 |a 152340 
100 |a 20090130d1919 k y0rusy50 ca 
101 0 |a rus 
102 |a RU 
105 |a by z 100zy 
200 1 |a Труды съезда по организации Института Исследования Сибири  |f под ред. Б. П. Вейнберга 
210 |a Томск  |c Томская губернская типография  |d 1919 
317 |5 63413507: 179415  |a Поступила в НТБ в 1940 г. в составе книжного собрания академика М. А. Усова. 
318 |5 63413507  |a Томский Политехнический: События и люди. Юбилейные даты 2009 года  |b выставка 
610 1 |a труды учёных ТПУ 
610 1 |a история 
610 1 |a Сибирь 
610 1 |a исследования 
610 1 |a геодезия 
610 1 |a физика 
610 1 |a химия 
610 1 |a геология 
610 1 |a горное дело 
610 1 |a ботаника 
610 1 |a сельское хозяйство 
610 1 |a почвоведение 
610 1 |a археология 
610 1 |a экономика 
610 1 |a статистика 
610 1 |a библиотека М. А. Усова 
686 |a Т3(253)  |v LBC/SL-A  |2 rubbk 
702 1 |a Вейнберг  |b Б. П.  |c российский ученый  |c физик, геофизик  |c профессор ТТИ (1909-1924)  |f 1871-1942  |g Борис Петрович  |2 stltpush  |3 (RuTPU)RU\TPU\pers\5705  |4 340 
801 1 |a RU  |b 63413507  |c 20090130  |g PSBO 
801 2 |a RU  |b 63413507  |c 20131017  |g PSBO 
942 |c BK